[Event "248th YMCA Autumn A"]
[Site "Warsaw"]
[Date "2021.09.29"]
[Round "1"]
[White "Zysko, Jan"]
[Black "Delega, Tomasz"]
[Result "1-0"]
[WhiteElo "2080"]
[BlackElo "1994"]
[PlyCount "141"]
[EventDate "2021.09.24"]
[EventType "tourn"]
[EventRounds "2"]
[EventCountry "POL"]
[SourceDate "2021.09.24"]

1. d4 Nf6 2. c4 e6 3. Nf3 c5 4. d5 exd5 5. cxd5 b5 6. Bg5 d6 7. e4 a6 8. Nbd2
Nbd7 9. a4 Rb8 10. axb5 axb5 11. h3 g6 12. Be2 Bg7 13. O-O O-O 14. Re1 Re8 15.
Bf1 Qc7 16. Qc2 Nh5 17. Nb3 Ne5 18. Nfd2 h6 19. Be3 f5 20. exf5 Bxf5 21. Qc1
Nf6 22. Nd4 Bd7 23. Ne6 Bxe6 24. dxe6 Rxe6 25. Nb3 Qe7 26. Bxh6 Nf3+ 27. gxf3
Rxe1 28. Qxe1 Qxe1 29. Rxe1 Bxh6 30. Re6 Ne8 31. Rxg6+ Bg7 32. f4 Kf7 33. f5
Bxb2 34. Na5 c4 35. Nc6 Ra8 36. Bg2 Ra1+ 37. Kh2 Nf6 38. Nd8+ Ke8 39. Ne6 Be5+
40. f4 Bb2 41. Bc6+ Nd7 42. Nc7+ Ke7 43. Nd5+ Ke8 44. Rxd6 Ra7 45. f6 c3 46.
Ne3 Bc1 47. Re6+ Kf7 48. Re7+ Kxf6 49. Nd5+ Kf5 50. Bxd7+ Rxd7 51. Rxd7 Ke6 52.
Rd8 c2 53. Rc8 Kxd5 54. Kg3 Ke4 55. Rxc2 Bxf4+ 56. Kg4 Be5 57. Re2+ Kd5 58. Kf5
Bc3 59. Re8 b4 60. Rd8+ Kc5 61. Ke4 b3 62. Rc8+ Kb4 63. Kd3 Be5 64. Re8 Bg3 65.
h4 Ka3 66. Kc3 Ka2 67. Ra8+ Kb1 68. Kxb3 Bxh4 69. Rh8 Bg5 70. Rh1+ Bc1 71. Rf1
1-0

[Event "248th YMCA Autumn A"]
[Site "Warsaw"]
[Date "2021.09.24"]
[Round "1"]
[White "Choroszej, Aleksander"]
[Black "Polak, Michal"]
[Result "1/2-1/2"]
[WhiteElo "2031"]
[BlackElo "1929"]
[PlyCount "73"]
[EventDate "2021.09.24"]
[EventType "tourn"]
[EventRounds "2"]
[EventCountry "POL"]
[SourceDate "2021.09.24"]

1. d4 Nf6 2. c4 e6 3. Nc3 Bb4 4. f3 c5 5. d5 d6 6. e4 O-O 7. Nge2 b5 8. Ng3 Re8
9. Bf4 exd5 10. cxd5 c4 11. a4 Bb7 12. Be2 a6 13. O-O Qb6+ 14. Kh1 Nbd7 15. Nf5
Bc5 16. g4 g6 17. Ng3 Ne5 18. Qd2 Nfd7 19. Nd1 Rac8 20. Be3 Bxe3 21. Nxe3 Nc5
22. Nef5 f6 23. Qh6 Qc7 24. Nh5 Rf8 25. Rg1 Rf7 26. Rg3 Kh8 27. Rag1 Rg8 28. g5
fxg5 29. Rxg5 Rxf5 30. Rxf5 Nf7 31. Rxf7 Qxf7 32. Nf4 Nxa4 33. Nxg6+ Rxg6 34.
Rxg6 Qxg6 35. Qf8+ Qg8 36. Qf6+ Qg7 37. Qd8+ $11 1/2-1/2

[Event "248th YMCA Autumn A"]
[Site "Warsaw"]
[Date "2021.10.14"]
[Round "2"]
[White "Delega, Tomasz"]
[Black "Polak, Michal"]
[Result "1-0"]
[WhiteElo "1994"]
[BlackElo "1929"]
[PlyCount "51"]
[EventDate "2021.09.24"]
[EventType "tourn"]
[EventRounds "2"]
[EventCountry "POL"]
[SourceDate "2021.09.24"]

1. e4 c5 2. b3 Nc6 3. Bb2 Nf6 4. e5 Nd5 5. Qf3 e6 6. Qg3 g6 7. h4 Bg7 8. h5 d6
9. f4 O-O 10. Na3 Nce7 11. Nc4 Nf5 12. Qh2 gxh5 13. Qxh5 h6 14. Qh2 b5 15. Na3
dxe5 16. fxe5 a6 17. Nf3 Bb7 18. Bd3 Nb4 19. Bxf5 exf5 20. O-O-O Nxa2+ 21. Kb1
Nb4 22. Qg3 Qb6 23. e6 f6 24. Rxh6 Qxe6 25. Rdh1 Bxf3 26. Qg6 1-0

[Event "248th YMCA Autumn A"]
[Site "Warsaw"]
[Date "2021.10.01"]
[Round "2"]
[White "Podgorski, Maciej"]
[Black "Choroszej, Aleksander"]
[Result "1-0"]
[WhiteElo "1980"]
[BlackElo "2031"]
[PlyCount "139"]
[EventDate "2021.09.24"]
[EventType "tourn"]
[EventRounds "2"]
[EventCountry "POL"]
[SourceDate "2021.09.24"]

1. e4 g6 2. d4 Bg7 3. c4 d6 4. Nc3 Nf6 5. Be2 O-O 6. Be3 c5 7. d5 b5 8. cxb5 a6
9. bxa6 Qa5 10. Bd2 Bxa6 11. Nf3 Nbd7 12. O-O Rfb8 13. b3 Ne8 14. Na4 Bxe2 15.
Qxe2 Qa6 16. Qxa6 Rxa6 17. Rac1 Nb6 18. Nxb6 Rbxb6 19. Rc2 Rb7 20. Rfc1 Rba7
21. a4 Rb6 22. b4 Rxa4 23. bxc5 dxc5 24. Rxc5 f6 25. Rc8 Kf8 26. h4 Rba6 27.
Bc3 Ra8 28. Rxa8 Rxa8 29. Nd4 Kf7 30. Nc6 Nd6 31. Bb4 Ra2 32. Bxd6 exd6 33. Rb1
Bf8 34. Rb7+ Kg8 35. Nd4 Ra4 36. Ne6 Bh6 37. Rb8+ Kf7 38. Rh8 Bd2 39. Rxh7+ Ke8
40. f3 Be3+ 41. Kh2 Bf2 42. h5 gxh5 43. Rxh5 Kf7 44. Rh7+ Ke8 45. Ng7+ Kf8 46.
Nf5 Bc5 47. Rh8+ Kf7 48. Rd8 Ra6 49. Kh3 Rb6 50. Kg4 Rb2 51. g3 Rb6 52. Kh5 Rb3
53. Nh4 Ke7 54. Rh8 Bf2 55. Kg6 Kd7 56. Rh7+ Kd8 57. Kxf6 Bxg3 58. Ke6 Re3 59.
Nf5 Rxf3 60. Nxg3 Rxg3 61. Kxd6 Rg6+ 62. Kc5 Ra6 63. e5 Ra5+ 64. Kc6 Ra6+ 65.
Kb5 Ra1 66. e6 Rd1 67. Kc5 Ra1 68. d6 Rc1+ 69. Kb4 Kc8 70. Rh8+ 1-0

[Event "248th YMCA Autumn A"]
[Site "Warsaw"]
[Date "2021.10.01"]
[Round "2"]
[White "Zysko, Jan"]
[Black "Pajak, Jakub"]
[Result "1-0"]
[WhiteElo "2080"]
[BlackElo "1928"]
[PlyCount "67"]
[EventDate "2021.09.24"]
[EventType "tourn"]
[EventRounds "2"]
[EventCountry "POL"]
[SourceDate "2021.09.24"]

1. d4 d5 2. c4 e6 3. Nc3 c6 4. e3 f5 5. Bd3 Nf6 6. Nf3 Bd6 7. O-O O-O 8. b3 Ne4
9. Bb2 Nd7 10. Ne2 Ndf6 11. Ne5 Bd7 12. Qc1 Qe7 13. a4 Be8 14. f3 Ng5 15. Ba3
Nf7 16. Bxd6 Qxd6 17. c5 Qc7 $11 18. f4 Nh6 19. b4 a6 20. Nc3 Kh8 21. Qd2 Rg8
22. b5 axb5 23. axb5 Rxa1 24. Rxa1 cxb5 25. Bxb5 Nf7 26. Bxe8 Rxe8 27. Nb5 Qe7
28. Nxf7+ Qxf7 29. Nd6 Qe7 30. Nxe8 Nxe8 31. Qb4 h6 32. Ra7 Qf7 33. Rxb7 Qh5
34. Qe1 1-0

[Event "248th YMCA Autumn A"]
[Site "Warsaw"]
[Date "2021.11.17"]
[Round "3"]
[White "Pajak, Jakub"]
[Black "Delega, Tomasz"]
[Result "1/2-1/2"]
[WhiteElo "1928"]
[BlackElo "1994"]
[PlyCount "59"]
[EventDate "2021.09.24"]
[EventType "tourn"]
[EventRounds "2"]
[EventCountry "POL"]
[SourceDate "2021.09.24"]

1. e4 Nf6 2. Nc3 d5 3. e5 Nfd7 4. d4 c5 5. Nxd5 e6 6. Nc3 cxd4 7. Nb5 Qa5+ 8.
Bd2 Qb6 9. Nf3 Nc6 10. Bf4 Bc5 11. a4 O-O 12. Bd3 f6 13. exf6 e5 14. Bc4+ Kh8
15. fxg7+ Kxg7 16. Bg3 a6 17. Nh4 Nf6 18. O-O axb5 19. axb5 Rxa1 20. Qxa1 Na5
21. Be2 e4 22. Qc1 Bd6 23. Qg5+ Kh8 24. Ng6+ hxg6 25. Qh6+ Nh7 26. Qxg6 Rf6 27.
Qe8+ Rf8 28. Qg6 Rf6 29. Qe8+ Rf8 30. Qg6 1/2-1/2

[Event "248th YMCA Autumn A"]
[Site "Warsaw"]
[Date "2021.10.08"]
[Round "3"]
[White "Choroszej, Aleksander"]
[Black "Zysko, Jan"]
[Result "1-0"]
[WhiteElo "2031"]
[BlackElo "2080"]
[PlyCount "99"]
[EventDate "2021.09.24"]
[EventType "tourn"]
[EventRounds "2"]
[EventCountry "POL"]
[SourceDate "2021.09.24"]

1. d4 Nf6 2. c4 g6 3. Nc3 Bg7 4. e4 d6 5. f4 O-O 6. Nf3 c5 7. d5 e6 8. Be2 exd5
9. cxd5 Bg4 10. O-O Nbd7 11. h3 Bxf3 12. Bxf3 Ne8 13. Be3 Nc7 14. Qd2 Rb8 15.
Rae1 b5 16. e5 dxe5 17. Ne4 exf4 18. Bxf4 Re8 19. Bg5 Bd4+ 20. Kh1 f6 21. Bh4
Kg7 22. b4 Rf8 23. bxc5 Bxc5 24. Bg4 Bb6 25. Bxd7 Qxd7 26. Bxf6+ Kg8 27. Ba1
Rxf1+ 28. Rxf1 Rf8 29. Rxf8+ Kxf8 30. Qh6+ Ke7 31. d6+ Kd8 32. dxc7+ Kxc7 33.
Qg7 Qxg7 34. Bxg7 a5 35. g4 b4 36. Kg2 a4 37. Kf3 h5 38. gxh5 gxh5 39. Ng3 Kc6
40. Ke4 Kb5 41. Kd3 h4 42. Nf5 Bd8 43. Nd4+ Kb6 44. Kc4 Be7 45. Nf5 Bc5 46.
Nxh4 Kc6 47. Nf5 b3 48. axb3 axb3 49. h4 Bf2 50. h5 1-0

[Event "248th YMCA Autumn A"]
[Site "Warsaw"]
[Date "2021.10.08"]
[Round "3"]
[White "Polak, Michal"]
[Black "Podgorski, Maciej"]
[Result "0-1"]
[WhiteElo "1929"]
[BlackElo "1980"]
[PlyCount "76"]
[EventDate "2021.09.24"]
[EventType "tourn"]
[EventRounds "2"]
[EventCountry "POL"]
[SourceDate "2021.09.24"]

1. e4 d6 2. d4 Nf6 3. Nc3 g6 4. Be3 Bg7 5. h3 O-O 6. Qd2 Nc6 7. d5 Ne5 8. f4
Ned7 9. Nf3 c6 10. O-O-O cxd5 11. exd5 Qa5 12. Kb1 a6 13. g4 b5 14. a3 b4 15.
Na2 Qc7 16. axb4 Nxd5 17. Bd4 e5 18. fxe5 dxe5 19. Bg1 Bb7 20. Rh2 e4 21. Nd4
Ne5 22. Qe1 Rac8 23. Re2 Nf3 24. Nxf3 exf3 25. Red2 Rfe8 26. Qh4 Ne3 27. Rc1
Qe5 28. c3 Bf6 29. Qf2 Bg5 30. Bh2 Nxf1 31. Bxe5 Nxd2+ 32. Kc2 Rxe5 33. Re1
Rxe1 34. Qxe1 Be4+ 35. Kd1 Rd8 36. Qf2 Nc4+ 37. Ke1 Bd2+ 38. Kf1 Bd3+ 0-1

[Event "248th YMCA Autumn A"]
[Site "Warsaw"]
[Date "2021.10.15"]
[Round "4"]
[White "Zysko, Jan"]
[Black "Polak, Michal"]
[Result "1-0"]
[WhiteElo "2080"]
[BlackElo "1929"]
[PlyCount "61"]
[EventDate "2021.09.24"]
[EventType "tourn"]
[EventRounds "2"]
[EventCountry "POL"]
[SourceDate "2021.09.24"]

1. d4 Nf6 2. c4 e6 3. Nf3 b6 4. g3 Ba6 5. Qc2 c5 6. d5 exd5 7. cxd5 Bb7 8. Bg2
Bxd5 9. Nc3 Bc6 10. O-O Be7 11. e4 d6 12. Nh4 O-O 13. Nf5 Re8 14. Bf4 Bf8 15.
Rad1 Nbd7 16. Nxd6 Bxd6 17. Rxd6 Rc8 18. Rxc6 Rxc6 19. e5 Rce6 20. exf6 Nxf6
21. Bf3 h6 22. Kg2 a6 23. Rd1 Qe7 24. Nd5 Nxd5 25. Rxd5 Rd8 26. Qd3 Rxd5 27.
Qxd5 b5 28. Bg4 Rg6 29. Bf5 Rf6 30. Qa8+ Qf8 31. Bh7+ 1-0

[Event "248th YMCA Autumn A"]
[Site "Warsaw"]
[Date "2021.10.15"]
[Round "4"]
[White "Pajak, Jakub"]
[Black "Choroszej, Aleksander"]
[Result "1/2-1/2"]
[WhiteElo "1928"]
[BlackElo "2031"]
[PlyCount "25"]
[EventDate "2021.09.24"]
[EventType "tourn"]
[EventRounds "2"]
[EventCountry "POL"]
[SourceDate "2021.09.24"]

1. d4 g6 2. Nc3 Bg7 3. Nf3 d6 4. Bf4 a6 5. e3 Nf6 6. Be2 O-O 7. O-O b5 8. a4 b4
9. Na2 a5 10. c3 bxc3 11. bxc3 Na6 12. Rb1 Bf5 13. Bd3 $11 1/2-1/2

[Event "248th YMCA Autumn A"]
[Site "Warsaw"]
[Date "2021.11.03"]
[Round "5"]
[White "Choroszej, Aleksander"]
[Black "Delega, Tomasz"]
[Result "1/2-1/2"]
[WhiteElo "2031"]
[BlackElo "1994"]
[PlyCount "60"]
[EventDate "2021.09.24"]
[EventType "tourn"]
[EventRounds "2"]
[EventCountry "POL"]
[SourceDate "2021.09.24"]

1. d4 e6 2. c4 Bb4+ 3. Nc3 b6 4. e4 Bb7 5. f3 Nh6 6. Nh3 O-O 7. Bg5 f6 8. Bxh6
gxh6 9. Bd3 Nc6 10. d5 Ne5 11. O-O Ba6 12. f4 Bxc3 13. bxc3 Nxd3 14. Qxd3 Qe7
15. f5 Qc5+ 16. Kh1 Bxc4 17. Qg3+ Kh8 18. Rf4 e5 19. Rh4 Rg8 20. Qf3 Qf8 21.
Nf2 Rg5 22. Ng4 h5 23. Ne3 Ba6 24. Rxh5 Rxh5 25. Qxh5 Qg7 26. c4 Rg8 27. Rg1
Qg5 28. Qf7 Qg7 29. Qh5 Qg5 30. Qf7 Qg7 1/2-1/2

[Event "248th YMCA Autumn A"]
[Site "Warsaw"]
[Date "2021.11.18"]
[Round "5"]
[White "Polak, Michal"]
[Black "Pajak, Jakub"]
[Result "0-1"]
[WhiteElo "1929"]
[BlackElo "1928"]
[PlyCount "142"]
[EventDate "2021.09.24"]
[EventType "tourn"]
[EventRounds "2"]
[EventCountry "POL"]
[SourceDate "2021.09.24"]

1. e4 c5 2. Nf3 g6 3. d4 cxd4 4. Nxd4 Bg7 5. c4 Nc6 6. Be3 Nf6 7. Nc3 O-O 8.
Be2 d6 9. O-O a5 10. Qd2 Ng4 11. Bxg4 Bxg4 12. b3 Bd7 13. Rab1 Nxd4 14. Bxd4
Bc6 15. Nd5 Ra6 16. Rfc1 e6 17. Bxg7 Kxg7 18. Qd4+ f6 19. Ne3 e5 20. Qd3 f5 21.
exf5 Qf6 22. Rd1 gxf5 23. Qxd6 Be4 24. Qxf6+ Kxf6 25. Rb2 Rg8 26. Nd5+ Kf7 27.
g3 Rd6 28. Nc3 Rxd1+ 29. Nxd1 Rd8 30. Nc3 Bf3 31. Kf1 Rd3 32. Rc2 Ke6 33. Ke1
h5 34. Rc1 h4 35. Ne2 a4 36. Rd1 Bxe2 37. Kxe2 Rc3 38. Rd3 Rc2+ 39. Rd2 Rc3 40.
gxh4 axb3 41. axb3 Rxb3 42. Rd3 Rb2+ 43. Kf1 Rc2 44. Rb3 Rxc4 45. Rxb7 Rxh4 46.
Kg2 Rg4+ 47. Kf3 e4+ 48. Ke3 Rh4 49. Rb6+ Ke5 50. Rb5+ Kf6 51. Rb6+ Kg5 52. Rb8
Rh3+ 53. Ke2 Rxh2 54. Rg8+ Kf4 55. Rg3 Rh1 56. Ra3 Rb1 57. Ra2 Rb3 58. Rc2 Kg4
59. Rc8 Rb2+ 60. Ke1 f4 61. Rc1 Kf3 62. Rc3+ Kg2 63. Rc4 Rb1+ 64. Ke2 f3+ 65.
Kd2 Rb2+ 66. Kd1 Re2 67. Rc8 Kxf2 68. Rh8 Ke3 69. Rh3 Rd2+ 70. Ke1 Rd8 71. Rh2
f2+ 0-1

[Event "248th YMCA Autumn A"]
[Site "Warsaw"]
[Date "2021.10.22"]
[Round "5"]
[White "Podgorski, Maciej"]
[Black "Zysko, Jan"]
[Result "1-0"]
[WhiteElo "1980"]
[BlackElo "2080"]
[PlyCount "79"]
[EventDate "2021.09.24"]
[EventType "tourn"]
[EventRounds "2"]
[EventCountry "POL"]
[SourceDate "2021.09.24"]

1. e4 g6 2. d4 Bg7 3. Nc3 d6 4. Bc4 Nf6 5. Qe2 Nc6 6. e5 Nxd4 7. exf6 Nxe2 8.
fxg7 Rg8 9. Ngxe2 Rxg7 10. Bh6 Rg8 11. O-O-O Be6 12. Bxe6 fxe6 13. Nf4 e5 14.
Nd3 Qd7 15. Nxe5 Qf5 16. Nf3 O-O-O 17. Nd5 Rde8 18. Bg5 Rg7 19. Rhe1 e6 20. h4
c6 21. Nf6 Rf8 22. Nd4 Qxf2 23. Nxe6 h6 24. Nxf8 hxg5 25. hxg5 Rf7 26. Ne6 Re7
27. Ne4 Qxg2 28. Rxd6 Rd7 29. Rxd7 Kxd7 30. N4c5+ Kd6 31. Nxb7+ Kd7 32. Nbc5+
Kd6 33. b3 Qg4 34. Kb2 Qg2 35. Rd1+ Ke7 36. Rd7+ Ke8 37. Nc7+ Kf8 38. N5e6+ Kg8
39. Ne8 Kh8 40. Nf6 1-0

[Event "248th YMCA Autumn A"]
[Site "Warsaw"]
[Date "2021.11.24"]
[Round "6"]
[White "Delega, Tomasz"]
[Black "Zysko, Jan"]
[Result "1/2-1/2"]
[WhiteElo "1994"]
[BlackElo "2080"]
[PlyCount "155"]
[EventDate "2021.09.24"]
[EventType "tourn"]
[EventRounds "2"]
[EventCountry "POL"]
[SourceDate "2021.09.24"]

1. e4 g6 2. d4 Bg7 3. Nc3 d6 4. Bc4 Nc6 5. Be3 e5 6. Nge2 Nf6 7. f3 a6 8. d5
Na5 9. Bd3 b5 10. b4 Nc4 11. Bxc4 bxc4 12. a4 O-O 13. O-O Nh5 14. g4 Nf4 15.
Nxf4 exf4 16. Bd4 f5 17. gxf5 gxf5 18. Bxg7 Kxg7 19. Qd4+ Qf6 20. Qxc4 Kh8 21.
Kh1 fxe4 22. Nxe4 Qe5 23. Qxc7 Bh3 24. Rg1 Rg8 25. Qc3 Qxc3 26. Nxc3 Rac8 27.
Ne2 Rxc2 28. Nxf4 Bd7 29. Rxg8+ Kxg8 30. Nh5 Kf7 31. Rg1 Bxa4 32. Rg7+ Kf8 33.
Rxh7 Rd2 34. Nf4 Bd1 35. Rd7 Bxf3+ 36. Kg1 Rb2 37. Rxd6 Rxb4 38. Nd3 Rg4+ 39.
Kf1 Bg2+ 40. Kf2 Bh1 41. Ke3 Re4+ 42. Kf2 Rd4 43. Ke3 Re4+ 44. Kd2 Rd4 45. Kc3
Rxd5 46. Rxa6 Rh5 47. Ra2 Rh4 48. Rf2+ Kg7 49. Kd2 Bc6 50. Ne5 Bd5 51. Kd3 Ra4
52. Nd7 Rb4 53. Nf6 Be6 54. Nh5+ Kh6 55. Ng3 Bg4 56. Rf6+ Kg7 57. Rf2 Kg6 58.
Ke3 Rb3+ 59. Kf4 Bc8 60. Ne4 Rb4 61. Rg2+ Kh6 62. Rg8 Bb7 63. Rh8+ Kg7 64. Re8
Rxe4+ 65. Rxe4 Bxe4 66. Kxe4 Kh6 67. Kf4 Kh5 68. Kg3 Kg5 69. h4+ Kh5 70. Kh3
Kh6 71. Kg4 Kg6 72. h5+ Kh6 73. Kh4 Kh7 74. Kg5 Kg7 75. h6+ Kh7 76. Kh5 Kh8 77.
Kg6 Kg8 78. h7+ 1/2-1/2

[Event "248th YMCA Autumn A"]
[Site "Warsaw"]
[Date "2021.10.29"]
[Round "6"]
[White "Podgorski, Maciej"]
[Black "Pajak, Jakub"]
[Result "1-0"]
[WhiteElo "1980"]
[BlackElo "1928"]
[PlyCount "67"]
[EventDate "2021.09.24"]
[EventType "tourn"]
[EventRounds "2"]
[EventCountry "POL"]
[SourceDate "2021.09.24"]

1. e4 g6 2. d4 Bg7 3. Nc3 c5 4. Nf3 cxd4 5. Nxd4 Nc6 6. Be3 Nf6 7. Bc4 O-O 8.
Bb3 d6 9. f3 Bd7 10. Qd2 Rc8 11. O-O-O Nxd4 12. Bxd4 b5 13. h4 a5 14. h5 e5 15.
Be3 a4 16. Bd5 b4 17. Nb1 Nxd5 18. Qxd5 Be6 19. Qxd6 Qa5 20. a3 Rxc2+ 21. Kxc2
Bb3+ 22. Kc1 Rc8+ 23. Nc3 bxc3 24. Qb4 Qxb4 25. axb4 Bxd1 26. Rxd1 Bf8 27. b5
Rc4 28. Rd8 cxb2+ 29. Kxb2 a3+ 30. Ka1 h6 31. Bxh6 Rd4 32. Rxd4 exd4 33. Bxf8
Kxf8 34. b6 1-0

[Event "248th YMCA Autumn A"]
[Site "Warsaw"]
[Date "2021.10.29"]
[Round "6"]
[White "Polak, Michal"]
[Black "Choroszej, Aleksander"]
[Result "1-0"]
[WhiteElo "1929"]
[BlackElo "2031"]
[PlyCount "55"]
[EventDate "2021.09.24"]
[EventType "tourn"]
[EventRounds "2"]
[EventCountry "POL"]
[SourceDate "2021.09.24"]

1. e4 g6 2. d4 Bg7 3. Nc3 d6 4. Be3 a6 5. a4 Nf6 6. h3 b6 7. Nf3 Bb7 8. Bd3 O-O
9. O-O d5 10. exd5 a5 11. Re1 Nxd5 12. Nxd5 Bxd5 13. c4 Bb7 14. Be2 e6 15. Qd2
Nc6 16. Rad1 Qd7 17. Bh6 Rad8 18. Bxg7 Kxg7 19. Qc3 f6 20. Ng5 Nb4 21. d5 exd5
22. Bg4 Qd6 23. Re6 d4 24. Rxd6 dxc3 25. Rxd8 Rxd8 26. Ne6+ Kh6 27. Nxd8 c2 28.
Nxb7 1-0

[Event "248th YMCA Autumn A"]
[Site "Warsaw"]
[Date "2021.11.05"]
[Round "7"]
[White "Polak, Michal"]
[Black "Delega, Tomasz"]
[Result "1/2-1/2"]
[WhiteElo "1929"]
[BlackElo "1994"]
[PlyCount "35"]
[EventDate "2021.09.24"]
[EventType "tourn"]
[EventRounds "2"]
[EventCountry "POL"]
[SourceDate "2021.09.24"]

1. e4 e6 2. d4 b6 3. c4 Bb7 4. Nc3 Bb4 5. Bd3 f5 6. f3 Nh6 7. Nge2 fxe4 8. fxe4
O-O 9. Bf4 Qh4+ 10. g3 Qh5 11. a3 Be7 12. Nb5 Na6 13. Nec3 Qh3 14. Bf1 Qg4 15.
Be2 Qh3 16. Bf1 Qg4 17. Be2 Qh3 18. Bf1 1/2-1/2

[Event "248th YMCA Autumn A"]
[Site "Warsaw"]
[Date "2021.11.17"]
[Round "7"]
[White "Choroszej, Aleksander"]
[Black "Podgorski, Maciej"]
[Result "0-1"]
[WhiteElo "2031"]
[BlackElo "1980"]
[PlyCount "34"]
[EventDate "2021.09.24"]
[EventType "tourn"]
[EventRounds "2"]
[EventCountry "POL"]
[SourceDate "2021.09.24"]

1. d4 Nf6 2. c4 g6 3. Nc3 Bg7 4. e4 d6 5. f4 O-O 6. Nf3 c5 7. d5 e6 8. Be2 exd5
9. cxd5 Nbd7 10. O-O Re8 11. Qc2 Qe7 12. Nd2 Nb6 13. a4 Nfxd5 14. a5 Nxc3 15.
bxc3 Nd5 16. exd5 Bf5 17. Qd1 Bxc3 0-1

[Event "248th YMCA Autumn A"]
[Site "Warsaw"]
[Date "2021.11.05"]
[Round "7"]
[White "Pajak, Jakub"]
[Black "Zysko, Jan"]
[Result "1/2-1/2"]
[WhiteElo "1928"]
[BlackElo "2080"]
[PlyCount "76"]
[EventDate "2021.09.24"]
[EventType "tourn"]
[EventRounds "2"]
[EventCountry "POL"]
[SourceDate "2021.09.24"]

1. e4 g6 2. d4 Bg7 3. Nc3 d6 4. Be3 a6 5. Qd2 b5 6. O-O-O Nd7 7. h4 h5 8. Nh3
Bb7 9. Ng5 Rc8 10. f4 Nh6 11. e5 dxe5 12. dxe5 e6 13. Rh3 Qe7 14. Nce4 Bd5 15.
Nc3 Bc6 16. Nce4 O-O 17. Qc3 Bd5 18. Nc5 Ng4 19. Bg1 f6 20. Nxd7 fxg5 21. Nxf8
Qxf8 22. fxg5 Bxe5 23. Qa3 b4 24. Qd3 Kh7 25. Rf3 Bxf3 26. gxf3 Bf4+ 27. Kb1
Ne5 28. Qxa6 Rd8 29. Bd3 Bg3 30. Qxe6 Rd6 31. Bc5 Rxd3 32. cxd3 Qxc5 33. d4 Qc4
34. Qh3 Qe2 35. Rc1 Nd3 36. Qd7+ Kh8 37. Qd8+ Kh7 38. Qd7+ Kh8 1/2-1/2

[Event "248th YMCA Autumn A"]
[Site "Warsaw"]
[Date "2021.11.25"]
[Round "8"]
[White "Delega, Tomasz"]
[Black "Pajak, Jakub"]
[Result "0-1"]
[WhiteElo "1994"]
[BlackElo "1928"]
[PlyCount "88"]
[EventDate "2021.09.24"]
[EventType "tourn"]
[EventRounds "2"]
[EventCountry "POL"]
[SourceDate "2021.09.24"]

1. e4 g6 2. d4 Bg7 3. Nc3 c5 4. d5 d6 5. Bb5+ Bd7 6. a4 Nf6 7. Nf3 O-O 8. O-O
Bxb5 9. axb5 a6 10. Nd2 Nfd7 11. Nc4 Nb6 12. Nxb6 Qxb6 13. Qe2 Nd7 14. bxa6
Rxa6 15. Rxa6 bxa6 16. Nd1 Qb5 17. Qe3 Ne5 18. Qh3 Qe2 19. Bg5 f6 20. Qe6+ Rf7
21. Qc8+ Rf8 22. Qe6+ Rf7 23. Qc8+ Bf8 24. Bh6 Qxe4 25. Ne3 f5 26. f3 Qd4 27.
c3 Qd3 28. Ra1 f4 29. Nf1 Qf5 30. Qd8 Qd7 31. Qa8 Qb5 32. b4 cxb4 33. cxb4 Qxb4
34. Rxa6 Qd4+ 35. Kh1 Qf2 36. Ra1 Nxf3 37. gxf3 Qxf3+ 38. Kg1 Qg4+ 39. Kh1 f3
40. Ne3 Qe4 41. Kg1 f2+ 42. Kf1 Qh1+ 43. Ke2 Qxh2 44. Rf1 Qh5+ 0-1

[Event "248th YMCA Autumn A"]
[Site "Warsaw"]
[Date "2021.11.12"]
[Round "8"]
[White "Zysko, Jan"]
[Black "Choroszej, Aleksander"]
[Result "1-0"]
[WhiteElo "2080"]
[BlackElo "2031"]
[PlyCount "65"]
[EventDate "2021.09.24"]
[EventType "tourn"]
[EventRounds "2"]
[EventCountry "POL"]
[SourceDate "2021.09.24"]

1. d4 g6 2. e4 Bg7 3. Nc3 d6 4. Be3 a6 5. h4 Nf6 6. h5 gxh5 7. f3 Nc6 8. Qd2 e5
9. Nge2 b6 10. O-O-O Bb7 11. dxe5 dxe5 12. Nd5 Nxd5 13. exd5 Ne7 14. Bh6 Bxh6
15. Qxh6 Nxd5 16. Rxh5 Qe7 17. c4 Nf6 18. Rf5 Nd7 19. Qg7 Rf8 20. Nc3 f6 21.
Qg4 O-O-O 22. Nd5 Bxd5 23. cxd5 Kb7 24. Kb1 Nc5 25. Qh4 Qd6 26. a3 Ne6 27. Qa4
b5 28. Qe4 Nd4 29. Rh5 f5 30. Qe3 Rf7 31. f4 Qxd5 32. fxe5 Qb3 33. Qxb3 1-0

[Event "248th YMCA Autumn A"]
[Site "Warsaw"]
[Date "2021.11.12"]
[Round "8"]
[White "Podgorski, Maciej"]
[Black "Polak, Michal"]
[Result "1/2-1/2"]
[WhiteElo "1980"]
[BlackElo "1929"]
[PlyCount "230"]
[EventDate "2021.09.24"]
[EventType "tourn"]
[EventRounds "2"]
[EventCountry "POL"]
[SourceDate "2021.09.24"]

1. e4 e5 2. Nf3 Nc6 3. d4 exd4 4. Bc4 Nf6 5. e5 d5 6. Bb5 Ne4 7. Nxd4 Bd7 8.
Bxc6 bxc6 9. O-O Bc5 10. f3 Ng5 11. Be3 Bb6 12. Qd2 Ne6 13. f4 Nxd4 14. Bxd4 c5
15. Bf2 Bf5 16. Nc3 d4 17. Ne2 Qd5 18. Rfe1 Be4 19. Ng3 Bxg2 20. Bxd4 Bh3 21.
Be3 Qc6 22. Red1 O-O 23. Qd5 Qb5 24. a4 Qxb2 25. a5 c6 26. Qb3 Qxb3 27. cxb3
Bc7 28. Bxc5 Rfd8 29. Rxd8+ Rxd8 30. Bxa7 Ra8 31. Be3 Rxa5 32. Rc1 Ra6 33. Ne4
Bb6 34. Bxb6 Rxb6 35. Nc5 Rb4 36. Kf2 Bf5 37. Ke3 Kf8 38. Ra1 Rb5 39. Ra8+ Ke7
40. Ra7+ Kf8 41. Kd4 Rb4+ 42. Kc3 Rxf4 43. Ra6 Rh4 44. Rxc6 Rxh2 45. b4 Bh3 46.
b5 Bg2 47. Rc8+ Ke7 48. b6 Rh1 49. b7 Bxb7 50. Rc7+ Kf8 51. Rxb7 g5 52. Ne4 Re1
53. Nf6 Kg7 54. Kd4 Kg6 55. Rb3 h5 56. Rf3 g4 57. Rf2 g3 58. Rg2 h4 59. Ne4 Kf5
60. Nxg3+ hxg3 61. Rxg3 Re4+ 62. Kd3 Rxe5 63. Rf3+ Kg6 64. Kd4 Re7 65. Rg3+ Kf5
66. Rf3+ Kg4 67. Rf6 Kg5 68. Rf1 f5 69. Rg1+ Kf4 70. Rf1+ Kg4 71. Rg1+ Kh3 72.
Rf1 Re4+ 73. Kd3 Kg4 74. Rg1+ Kf4 75. Rf1+ Ke5 76. Ra1 Kf6 77. Rb1 Re5 78. Rf1
Re8 79. Kd4 Re4+ 80. Kd3 Ke6 81. Rf2 Ke5 82. Ra2 Kf4 83. Rf2+ Kg4 84. Rf1 Re5
85. Kd4 Re2 86. Rg1+ Kh3 87. Rf1 Re4+ 88. Kd3 Kg4 89. Rg1+ Kf4 90. Rf1+ Kg5 91.
Rg1+ Kf6 92. Rf1 Re8 93. Kd4 Re5 94. Rf2 Re4+ 95. Kd3 Ke6 96. Rf1 Ke5 97. Ra1
Kf6 98. Rf1 Re5 99. Kd4 Ke6 100. Kd3 Kd5 101. Rf3 Kd6 102. Re3 Ra5 103. Ke2 Kd5
104. Kf3 Ra1 105. Kf4 Rf1+ 106. Rf3 Rxf3+ 107. Kxf3 Ke5 108. Ke3 f4+ 109. Kf3
Kf5 110. Kf2 Kg4 111. Kg2 f3+ 112. Kf2 Kf4 113. Kf1 Kg3 114. Kg1 f2+ 115. Kf1
Kf3 1/2-1/2

[Event "248th YMCA Autumn A"]
[Site "Warsaw"]
[Date "2021.11.19"]
[Round "9"]
[White "Podgorski, Maciej"]
[Black "Delega, Tomasz"]
[Result "1-0"]
[WhiteElo "1980"]
[BlackElo "1994"]
[PlyCount "65"]
[EventDate "2021.09.24"]
[EventType "tourn"]
[EventRounds "2"]
[EventCountry "POL"]
[SourceDate "2021.09.24"]

1. e4 Nf6 2. e5 Nd5 3. d4 d6 4. Nf3 Bg4 5. Be2 Nc6 6. h3 Bxf3 7. Bxf3 dxe5 8.
dxe5 e6 9. O-O Ndb4 10. a3 Qxd1 11. Rxd1 Nxc2 12. Bxc6+ bxc6 13. Ra2 c5 14. b4
Nd4 15. Be3 Nc6 16. Rc2 Nxe5 17. Bxc5 Bd6 18. Bxd6 cxd6 19. Rxd6 Ke7 20. Ra6
Rhd8 21. Nd2 Rd6 22. Ra5 Nc6 23. Rg5 Nd4 24. Rc7+ Kf8 25. Nc4 Rc6 26. Rc5 Ra6
27. Rd7 Nf5 28. Rcc7 Nh6 29. g4 g5 30. Ne5 Rxa3 31. Nxf7 Rxh3 32. Nxg5 Rh4 33.
Nxe6+ 1-0